Semónides 8 o el espejo de mujeres

Uloženo v:
Podrobná bibliografie
Hlavní autor: Iommi Marini, Godofredo Tito (autor)
Médium: Kniha
Jazyk:španělština
řečtina
Vydáno: Valparaíso Universidad Católica de Valparaíso, Escuela de Arquitectura 1979
Témata:
Tagy: Přidat tag
Žádné tagy, Buďte první, kdo vytvoří štítek k tomuto záznamu!

MARC

LEADER 00000nam a2200000 a 4500
001 UCV8802
003 CL-VaPUC
005 20221115175418.0
008 911216e19790000CL |||||||||||||||||spa|d
999 |c 214252  |d 214250 
040 |c Pontificia Universidad Católica de Valparaíso 
041 0 7 |a spa  |2 CL-VaPUC 
041 0 7 |a gre  |2 CL-VaPUC 
082 0 4 |a 881  |b IOM  |2 21 
100 |a Iommi Marini, Godofredo Tito  |e autor  |9 857986 
245 1 0 |a Semónides 8 o el espejo de mujeres 
260 |a Valparaíso  |b Universidad Católica de Valparaíso, Escuela de Arquitectura  |c 1979 
300 |a 60 p 
583 |a last modification  |c 19911216 00:00:00  |k Rodrigo Vera 
650 0 |a Poesía griega  |9 265627 
852 |a BIBCUR 
942 |c BK  |2 ddc 
945 |d 19911216 00:00:00 
952 |0 0  |1 0  |4 0  |6 881_000000000000000_IOM_1979  |7 0  |8 A  |9 197440  |a BIBARQ  |b BIBARQ  |d 2019-11-14  |i 2651076  |o 881 IOM 1979  |p 2651076  |r 2025-01-20  |w 2019-11-14  |y BK  |k ARQ